000 00539nam a2200205 i 4500
001 bgj
100 1 _aREAD, Carol
245 1 0 _aBugs :
_bksiążka ucznia /
_cCarol Read and Ana Soberon.
260 _aWarszawa :
_bMacmillan,
_c2006.
300 _a79 pp :
_bill. ;
_c30 cm.
650 9 _aEnglish language
655 _aTextbooks for children
700 1 _aSOBERON, Ana.
_eco-author
020 _a8389162695
040 _cBPK
041 0 _aeng
920 _a83-89162-69-5
942 _cKS
008 s uk f |000 0 eng
999 _c49035
_d49035
856 _uhttp://koha.tu.koszalin.pl/cgi-bin/koha/opac-detail.pl?biblionumber=49035
_yKatalog online BPK